书目信息 |
| 题名: |
乐府诗集
|
|
| 作者: | 谭国清 主编 | |
| 分册: | 三 | |
| 出版信息: | 北京 西苑出版社 2009.09 |
|
| 页数: | 218页 | |
| 开本: | 23cm | |
| 丛书名: | 传世文选 | |
| 单 册: | ||
| 中图分类: | I222.6 | |
| 科图分类: | ||
| 主题词: | 乐府诗--Yue Fu Shi--诗集--中国--古代 | |
| 电子资源: | ||
| ISBN: | 978-7-80108-700-3 | |
| 000 | 00736nam 2200265 450 | |
| 001 | CAL 012010139968 | |
| 005 | 20111231095412.79 | |
| 010 | @a978-7-80108-700-3@dCNY30.00 | |
| 099 | @aCAL 012010139968 | |
| 100 | @a20100517d2009 em y0chiy50 ea | |
| 101 | 0 | @achi |
| 102 | @aCN@b110000 | |
| 105 | @ay z 000gy | |
| 200 | 1 | @a乐府诗集@Ayue fu shi ji@h三@f谭国清主编 |
| 205 | @a第2版 | |
| 210 | @a北京@c西苑出版社@d2009.09 | |
| 215 | @a218页@d23cm | |
| 225 | 2 | @a传世文选@AChuan Shi Wen Xuan |
| 410 | 0 | @12001 @a传世文选 |
| 606 | 0 | @a乐府诗@AYue Fu Shi@x诗集@y中国@z古代 |
| 690 | @aI222.6@v4 | |
| 701 | 0 | @a谭国清@Atan guo qing@4主编 |
| 801 | 0 | @aCN@bSDUL@c20111231 |
| 905 | @aZUCC@dI222.6@eT100=2:3@f3 | |
| 998 | @aSDU | |
| 乐府诗集.三/谭国清主编.-第2版.-北京:西苑出版社,2009.09 |
| 218页;23cm.-(传世文选) |
| ISBN 978-7-80108-700-3:CNY30.00 |
| ● |
| 相关链接 |
|
|
|
正题名:乐府诗集
索取号:I222.6/T100=2:3
 
预约/预借
| 序号 | 登录号 | 条形码 | 馆藏地/架位号 | 状态 | 备注 |
| 1 | 1193686 | 211936869 | 文学库108/108文学库 16排3列3层/ [索取号:I222.6/T100=2:3] | 在馆 | |
| 2 | 1193687 | 211936878 | 文学库108/108文学库 16排3列3层/ [索取号:I222.6/T100=2:3] | 在馆 | |
| 3 | 1193688 | 211936887 | 文学库108/108文学库 16排3列3层/ [索取号:I222.6/T100=2:3] | 在馆 |